书目信息 |
| 题名: |
食品机械与设备
|
|
| 作者: | 刘晓杰 , 南浩太 主编 | |
| 分册: | ||
| 出版信息: | 北京 中国轻工业出版社 2007 |
|
| 页数: | 319页 | |
| 开本: | 24cm | |
| 丛书名: | ||
| 单 册: | ||
| 中图分类: | TS203 | |
| 科图分类: | ||
| 主题词: | 食品加工设备--高等学校--教材 , 食品加工设备 | |
| 电子资源: | ||
| ISBN: | 978-7-5019-6038-5 | |
| 000 | 00961nam0 2200265 45 | |
| 001 | 1356802562 | |
| 005 | 20130514160150.17 | |
| 010 | @a978-7-5019-6038-5@dCNY28.50 | |
| 100 | @a20130108d2007 em y0chiy0110 ea | |
| 101 | 0 | @achi |
| 102 | @aCN@b110000 | |
| 105 | @aa z 000yy | |
| 106 | @ar | |
| 200 | 1 | @a食品机械与设备@AShi Pin Ji Xie Yu She Bei@f刘晓杰,南浩太主编@FLiu Xiao Jie, Nan Hao Tai Zhu Bian |
| 210 | @a北京@c中国轻工业出版社@d2007 | |
| 215 | @a319页@c图@d24cm | |
| 300 | @a高等职业教育食品类专业系列教材 | |
| 330 | @a本书介绍了方便食品生产机械与设备,焙烤、油炸食品生产机械与设备,软饮料生产机械与设备,蛋白食品生产机械与设备,肉制品生产机械与设备,酿造调味品及酒类食品生产机械与设备等。 | |
| 606 | 0 | @a食品加工设备@x高等学校@j教材 |
| 606 | 0 | @a食品加工设备 |
| 690 | @aTS203@v5 | |
| 701 | 0 | @a刘晓杰@ALiu Xiao Jie@4主编 |
| 701 | 0 | @a南浩太@ANan Hao Tai@4主编 |
| 801 | @aCN@bTANGWEI@c20130108 | |
| 905 | @b0829621-25@dTS203@e157@f5 | |
| 食品机械与设备/刘晓杰,南浩太主编.-北京:中国轻工业出版社,2007 |
| 319页:图;24cm |
| 高等职业教育食品类专业系列教材 |
| ISBN 978-7-5019-6038-5:CNY28.50 |
| 本书介绍了方便食品生产机械与设备,焙烤、油炸食品生产机械与设备,软饮料生产机械与设备,蛋白食品生产机械与设备,肉制品生产机械与设备,酿造调味品及酒类食品生产机械与设备等。 |
| ● |
| 相关链接 |
|
|
|
|
正题名:食品机械与设备
索取号:TS203/157
 
预约/预借
| 序号 | 登录号 | 条形码 | 馆藏地/架位号 | 状态 | 备注 |
| 1 | 0829621 | 208296217 | 第二样本阅览室/ [索取号:TS203/157] | 在馆 | |
| 2 | 0829622 | 208296226 | 第三借阅区/ [索取号:TS203/157] | 在馆 | |
| 3 | 0829623 | 208296235 | 第三借阅区/ [索取号:TS203/157] | 在馆 | |
| 4 | 0829624 | 208296244 | 第三借阅区/ [索取号:TS203/157] | 在馆 | |
| 5 | 0829625 | 208296253 | 第三借阅区/ [索取号:TS203/157] | 在馆 |